00524nam a2200109Ia 4500008004100000245017400041245005200215260004800267260001700315650001200332856007000344160809s9999 xx 000 0 und d 4aThe Role Of Customer Satisfaction And Maintenance Culture In The Sustainability Of Hospitality Industries In Umuahia North And South Local Government Areas Of Abia State cEnemuo, O. B., Ejikeme, J. N. U. and Edward, C. bJournal of Hospitality Management and Tourt cJanuary 2016 xTOURISM uhttp://www.academicjournals.org/journal/JHMT/edition/January_2016